LDR 00622naa#a2200181#i#450# 001 EN\INFRA-M\bibl\122493 005 20260515010236.5 011 ## _a1998-0728 100 ## _a20260429b2026####ek#y0engy0150####ca 102 ## _aRU 200 1# _aExtracurricular Activities in Primary School: from Children’s Questions to Research _eJournal article 210 1# _aMoscow _cINFRA-M Academic Publishing LLC. _d2026 215 ## _a4 с. 608 ## _aJournal article _2local 675 ## _aОрганизация обучения в начальной школе. 373.31 _z 700 #1 _aMerzlikina _gI. V. 700 #1 _aAlekseeva _gT. V. 856 4# _anaukaru.ru _u